000 00951nam a2200265Ia 4500
999 _c54284
_d54284
001 21340
003 GE_BSU
005 20210909152251.0
008 181216s2015||||ru |||||||||||||| ||rus||
020 _a9785446814602
040 _cGE_BSU
041 _arus
080 _a159.922.7(075.8) У-73
100 _aУрунтаева, Г. А.
_912411
245 _aДетская практическая психология :
_bУчебник для студ. высш.учеб.завед. /
_c Г. А. Урунтаева.
264 _aМосква :
_bАкадемия,
_c2015.
300 _a256 стр. ;
_c22 см.
440 _aВысшее образование бакалавриат
_912412
500 _aБиблиогр. стр. 246-249
541 _h174 Л.
653 _aДетская практическая психология
653 _aПсихология
653 _aფსიქოლოგია
942 _cBK
_2udc